000 00992nam a22003017a 4500
001 BR7908006
003 BR-BrBNA
005 20230928090327.0
007 ta
008 230509b bl.||||| |||| 00| 0 por d
040 _aBR-BrBNA
_bpor
_cBiblioteca Nacional de Agricultura
041 _a(Por)
072 _aF00; F30
_b0120
_b0170
_b/G514
090 _ 0120 BR7908006
110 1 _aInstituto de Pesquisas Agronomicas, Porto Alegre, RS (Brasil)
_96134
111 1 _a24. Reuniao Tecnica Anual do Milho; 8. Reuniao Tecnica Anual do Sorgo Granifero
_cPorto Alegre, RS (Brazil)
_d1979
245 1 _aAta da 24. Reuniao Tecnica Anual do Milho e 8. do Sorgo Granifero [Rio Grande do Sul, Brasil]
260 3 _aPorto Alegre, RS (Brasil):
_c1979.
300 _a182 p.
500 _aSummary only
650 _aSORGO GRANIFERO
650 _aMILHO
650 _aVARIEDADE
650 _aPRATICA CULTURAL
650 _aRIO GRANDE DO SUL
909 _a202309
_bLucia
_c55
_dLucia Elande
942 _cBK
999 _c28456
_d28456